Kamen riders Heisei final forms quiz - Statistics

General Stats
  • This quiz has been taken 195 times
  • The average score is 12 of 17
Answer Stats
Rider Answer % Correct
Kabuto Hyper
92%
Blade King
90%
Kiva Emperor
89%
Ryuki Survive
87%
Kuuga Ultimate
87%
Agito Shining
86%
555 Blaster
84%
Decade Complete
84%
Den-O Liner
79%
Hibiki Armed
66%
Gaim Kiwami arms
55%
Fourze Cosmic states
53%
Drive Type Tridoron
52%
Double CycloneJoker Xtreme
48%
Wizard Infinity style
43%
Ghost Mugen Damashii
42%
OOO Putotyra combo
40%
No matching quizzes found
Score Distribution
Percent of People with Each Score
Percentile by Number Answered
Your Score History
You have not taken this quiz